000 00764nam a22002177a 4500
999 _c19560
_d19560
003 AR-CdUCM
008 190518b ||||| |||| 00| 0 spa d
040 _aMUNICIPALIDAD PROVINCIAL DEL CUSCO
_cBIBLIOTECA MUNICIPAL DEL CUSCO
082 _a330 /
_bD85
100 _aDobb, Maurice
_911937
245 _aUna introducción a la encomia /
260 _aMéxico :
_bFondo de cultura económica,
_c1938.
300 _a88 páginas ;
_c23 cm.
505 _aContenido : El nacimiento de la economía -- La teoría del valor -- Ricardo y la renta de la tierra ...
650 _aIntroducción
_920612
650 _aEconomía
_9382
650 _aTeoría
_95077
700 _aCastro Leal, Antonio (Traducción)
_940974
942 _2ddc
_cLIBROS
945 _arah
_d2019-05-18